000 00470nam a2200181Ia 4500
008 100917s9999 xx 000 0 und d
082 _b37341
100 _aRobert N. Linscott - Edi.
245 _aThe Social Philosophers
260 _bModern Pocket Lib.
_c1954
300 _a496
365 _b0
520 _aइंग्रजी
630 _aThe Social Philosophers
650 _aइंग्रजी
730 _aThe Social Philosophers
942 _cBOOK
999 _c642735
_d642732